LEADER 01365nam a2200277 i 4500 001 000000112802 003 CaOOAMICUS 005 20030303000000.0 008 030303s1987 it u000 u ita u 013 $a85486 040 $aSeMil$bita 245 10$aUomini e tecnologie :$bragionando su un discorso nuovo per lo sviluppo : convegno Breda 1986 /$ccontributi della scienza, dell'industria, della cultura : Napoleone Colajanni ... [et al.]. 246 08$iTitolo sul dorso:$aUomini e tecnologie 260 $aMilano :$bFinanziaria Ernesto Breda,$cstampa 1987. 300 $a209 p. :$bill. ;$c24 cm. 500 $aFondo Card. C.M. Martini. 650 4$aSviluppo economico e progresso tecnico.$0(OLS)http://semarc/subject/20347 700 1 $aColajanni, Napoleone <1847-1921>.$0(OLS)http://semarc/name/47216 700 1 $aConvegno Breda <1986 ; Milano>.$0(OLS)http://semarc/name/47215 850 $aSeMil 852 $aSeMil$W1$xVenegono$y1$m3W IV 239$j68519$B68519$CSeMilBibl$Z2$F88074 $81 941 1 $a4 961 $aOmaggio: Martini Card. Carlo Maria 996 $6245$aUomini e tecnologie :$bragionando su un discorso nuovo per lo sviluppo : convegno Breda 1986$9(OLS)http://semarc/title/164497 996 $6246$aUomini e tecnologie$9(OLS)http://semarc/title/164498 996 $6260$aMilano :$bFinanziaria Ernesto Breda$9(OLS)http://semarc/publisher/45268 LEADER 00879nam a2200217 i 4500 001 000000229498 003 CaOOAMICUS 005 20251022160353.0 008 140512s1968 xx u000 u ger u 013 $a208400 040 $aSeMil$bita 245 10$a4: Geschichte und Glaube. 2. Teil. 300 $a276 p. 490 0 $aBeiträge zur evangelischen Theologie : theologische Abhandlungen ;$v53 650 4$aFede.$0(OLS)http://semarc/subject/589 773 0 $aBornkamm, Günther <1905-1990>$tGesammelte Aufsätze.$dMünchen : Chr. Kaiser, 1970.$g4$w()29855 830 0$aBeiträge zur evangelischen Theologie ;$v53.$0(OLS)http://semarc/title/8759 850 $aSeMil 852 $aSeMil$W1$xVenegono$y1$m2K III 172$j179844$B179844$CSeMilBibl$Z2$F190947 $81 996 $6245$a4: Geschichte und Glaube. 2. Teil$9(OLS)http://semarc/title/328248